| 000 | 00770nam a2200229Ii 4500 | ||
|---|---|---|---|
| 003 | JO-AjNU | ||
| 008 | 230605s9999||||xx |||||||||||||| ||und|| | ||
| 017 | _a21/1770 | ||
| 020 | _a9960-664-21-X | ||
| 040 |
_aJO-AjNU _bara _erda _cJO-AjNU |
||
| 041 | _aara | ||
| 050 | 1 | 4 | _aBF431.R8768.2001 |
| 100 | 3 |
_aالروسان،فاروق/اعداد, _eauthor _922768 |
|
| 245 | 0 | 0 | _aدليل مقياس مهارات الكتابة للمعاقين عقليا |
| 250 | _aط1 | ||
| 264 | 3 | 1 | _aالرياض:دار الزهراء للنشر والتوزيع،2001 |
| 300 |
_a51ص _bالملحق رقم 1 من ص 35-ص51 |
||
| 336 |
_atext _btxt _2rdacontent |
||
| 337 |
_aunmediated _bn _2rdamedia |
||
| 338 |
_avolume _bnc _2rdacarrier |
||
| 650 | 4 |
_aتخلف عقلي _922769 |
|
| 999 |
_aA8133 _c11701 _d11701 |
||